000 00838cam a22002174a 4500
005 20250605164022.0
008 250528s ||||||||||||||||||||||||d
035 _a16394
020 _a745605877
040 _aGR-AtMCL
_bgre
_dGR-AtMCL
_eAACR2
245 1 _aJean Baudrillard / Selected Writings
250 _a1st
260 _bPolicy Press,
_c1988
300 _a234
520 _aAcknowledgements, Notes on the Translation, Introduction, The System of Objects, Consumer Society, For a Critique of the Political Economy of the Sign, The Mirror of Production, Symbolic Exchange and Death, On Seduction, Simulacra and Simulations, Fatal Strategies, The Masses: The Implosion of the Social in the Media, Index.
700 1 _aBaudrillard Jean
_92489
700 1 _aPoster Mark
_92490
942 _cBK
999 _c1899
_d1899